01380nam a22003614a 4500001001200000003000800012006001900020007001500039008004100054010001700095015001900112016001800131020002200149020002200171020002500193020002500218040002100243035002100264050002200285082002100307100002700328245013200355260004700487300001900534504005600553533015200609650003300761650003500794655002900829710001700858856012600875999001701001ebr10342320CaPaEBRm u cr cn|||||||||051102s2006 enka sb 000 0 eng  z 2005032080 aGBA5405242bnb7 z0131955942Uk z1904768830 (hbk.) z1904768849 (pbk.) z9781904768838 (hbk.) z9781904768845 (pbk.) aCaPaEBRcCaPaEBR a(OCoLC)64684425514aBL37b.K37 2006eb04a200.285/46782221 aKaraflogka, Anastasia.10aE-religionh[electronic resource] :ba critical appraisal of religious discourse on the World Wide Web /cAnastasia Karaflogka. aLondon ;aOakville, CT :bEquinox,cc2006. a264 p. :bill. aIncludes bibliographical references (p. [241]-264). aElectronic reproduction.bPalo Alto, Calif. :cebrary,d2013.nAvailable via World Wide Web.nAccess may be limited to ebrary affiliated libraries. 0aInternetxReligious aspects. 0aCyberspacexReligious aspects. 7aElectronic books.2local2 aebrary, Inc.40uhttp://site.ebrary.com/lib/rucke/Doc?id=10342320zAn electronic book accessible through the World Wide Web; click to view c46365d46365